=LDR 00000nam 2200000 4500 =001 INLIS000000000012216 =005 20130612103744 =008 ***********************************Ind** =035 ##$$0010-061300000012216 =041 ##$$a Ind =082 ##$$a 575 =090 ##$$a 575, Gli p =100 ##$$a Glinka, josep =245 ##$$a Perkembangan alam hidup, Capita selecta mengenai evolusi, josep ghalia =260 ##$$a 1985 $b Yogyakarta =300 ##$$a 197 hlm., Ilus, 21 cm =650 ##$$a Evolusi =850 ##$$a NBPNMAT